000 00625nam a2200229Ia 4500
003 OSt
005 20221006164143.0
006 a|||||r|||| 00| 0
007 ta
008 221006b |||||||| |||| 00| 0 hin d
024 _a4,159
037 _cTextual
040 _aFML
_cFML
_bhin
041 _2hin
_ahin
082 _aNRw2, J7 ; K9 - ; 3
100 _aGarg Lakshminarayan Au.
245 0 _aHamare Sangeet Ratna
260 _aHathras
_bSangeet karyalaya India
_c1969
300 _a686
_ccm.
942 _hNRw2, J7 ; K9 - ; 3
_cTEXL
_2CC
999 _c1116368
_d1116368